Російсько-український словник сталих словосполучень (Запис № 313125)
[ простий вигляд ]
| 000 -LEADER | |
|---|---|
| fixed length control field | 00757nam a22002657a 4500 |
| 001 - CONTROL NUMBER | |
| control field | 26796 |
| 003 - CONTROL NUMBER IDENTIFIER | |
| control field | UA-OsUOA |
| 005 - DATE AND TIME OF LATEST TRANSACTION | |
| control field | 20201220221802.0 |
| 007 - PHYSICAL DESCRIPTION FIXED FIELD--GENERAL INFORMATION | |
| fixed length control field | ta |
| 008 - FIXED-LENGTH DATA ELEMENTS--GENERAL INFORMATION | |
| fixed length control field | 20040609b un ||||| |||| 00| 0 ukr d |
| 020 ## - INTERNATIONAL STANDARD BOOK NUMBER | |
| International Standard Book Number | 966-00-0666-7 |
| 040 ## - CATALOGING SOURCE | |
| Original cataloging agency | UA-OsUOA |
| Language of cataloging | rus |
| Transcribing agency | UA-OsUOA |
| Modifying agency | UA-OsUOA |
| 041 ## - LANGUAGE CODE | |
| Language code of text/sound track or separate title | rus |
| 044 ## - COUNTRY OF PUBLISHING/PRODUCING ENTITY CODE | |
| MARC country code | UA |
| 080 ## - UNIVERSAL DECIMAL CLASSIFICATION NUMBER | |
| Universal Decimal Classification number | 81'374.2-161.1 |
| 090 ## - LOCALLY ASSIGNED LC-TYPE CALL NUMBER (OCLC); LOCAL CALL NUMBER (OCLC) | |
| Classification number (OCLC) (R) ; Classification number, CALL (RLIN) (NR) | 81'374.2-161.1 |
| Local cutter number (OCLC) ; Book number/undivided call number, CALL (RLIN) | Г61 |
| 100 ## - MAIN ENTRY--PERSONAL NAME | |
| Personal name | Головащук С. І. |
| 245 ## - TITLE STATEMENT | |
| Title | Російсько-український словник сталих словосполучень |
| 260 ## - PUBLICATION, DISTRIBUTION, ETC. (IMPRINT) | |
| Place of publication, distribution, etc | Київ |
| Name of publisher, distributor, etc | Наук. думка |
| Date of publication, distribution, etc | 2001 |
| 300 ## - PHYSICAL DESCRIPTION | |
| Extent | 640 с. |
| 650 #7 - SUBJECT ADDED ENTRY--TOPICAL TERM | |
| Source of heading or term | UDC |
| 942 ## - ADDED ENTRY ELEMENTS (KOHA) | |
| Koha item type | Книги |
| Source of classification or shelving scheme | Universal Decimal Classification |
| 955 ## - COPY-LEVEL INFORMATION (RLIN) | |
| Classification number, CCAL (RLIN) | інше |
| Withdrawn status | Lost status | Source of classification or shelving scheme | Damaged status | Not for loan | Home library | Current library | Date acquired | Cost, normal purchase price | Inventory number | Total Checkouts | Full call number | Barcode | Date last seen | Price effective from | Koha item type | Collection code | Source of acquisition |
|---|---|---|---|---|---|---|---|---|---|---|---|---|---|---|---|---|---|
| Universal Decimal Classification | АБ - Абонемент НБ | АБ - Абонемент НБ | 09/06/2004 | 4.00 | 79316 | 81'374.2-161.1 Г61 | 79316 | 13/01/2022 | 09/06/2004 | Книги | |||||||
| Universal Decimal Classification | АБ - Абонемент НБ | АБ - Абонемент НБ | 23/01/2012 | 15.00 | 136609 | 81'374.2-161.1 Г61 | 136609 | 06/12/2021 | 23/01/2012 | Книги | Колекція Жулинського М.Г. | 3/2012 | |||||
| Universal Decimal Classification | ЧЗ - Читальна зала | ЧЗ - Читальна зала | 28/04/2005 | 5.00 | 84951 | 81'374.2-161.1 Г61 | 84951 | 02/12/2021 | 09/06/2004 | Книги |